Accounting for financial statement presentation (Record no. 75594)
[ view plain ]
| 000 -LEADER | |
|---|---|
| fixed length control field | 00857nam a2200205 a 4500 |
| 008 - FIXED-LENGTH DATA ELEMENTS--GENERAL INFORMATION | |
| fixed length control field | 120416s1979 ||||||||||||||||| || u |
| 020 ## - INTERNATIONAL STANDARD BOOK NUMBER | |
| International Standard Book Number | 0070588902 |
| 050 ## - LIBRARY OF CONGRESS CALL NUMBER | |
| Classification number | HF 5681.B2 Smi |
| 100 ## - MAIN ENTRY--PERSONAL NAME | |
| Personal name | Keith, Robert M |
| 245 10 - TITLE STATEMENT | |
| Title | Accounting for financial statement presentation |
| 260 ## - PUBLICATION, DISTRIBUTION, ETC. | |
| Place of publication, distribution, etc. | New York : |
| Name of publisher, distributor, etc. | McGraw-Hill |
| Date of publication, distribution, etc. | 1979 |
| 300 ## - PHYSICAL DESCRIPTION | |
| Extent | xv, 672p. : ill. |
| 350 ## - | |
| -- | 0.00 |
| 500 ## - GENERAL NOTE | |
| General note | Bibliography |
| 650 ## - SUBJECT ADDED ENTRY--TOPICAL TERM | |
| Topical term or geographic name entry element | FINANCIAL STATEMENTS--COPPERBELT UNIVERSITY |
| 650 #0 - SUBJECT ADDED ENTRY--TOPICAL TERM | |
| Topical term or geographic name entry element | ACCOUNTING--HANDBOOKS, MANUALS, ETC |
| 700 ## - ADDED ENTRY--PERSONAL NAME | |
| Personal name | Smith, Jack L |
| 995 ## - | |
| -- | MAIN LIBRARY OPEN ACCESS |
| -- | 0.00 |
| -- | 710292 |
| -- | CBU-MAIN LIBRARY (Kitwe) |
| -- | 1 |
| -- | 24.75 |
| -- | HF 5681.B2 Smi |
| -- | 1 |
| -- | AVAILABLE |
| -- | 006804 |
| -- | Main Library Open Access Collection |
| 995 ## - | |
| -- | TEXTBOOKS (SB) |
| -- | 0.00 |
| -- | 01286 |
| -- | CBU-SCHOOL TEXTBOOK COLLECTIONS |
| -- | 1 |
| -- | 0.00 |
| -- | SCHOOL TEXTBOOK |
| -- | 2 |
| -- | AVAILABLE |
| -- | Sep 16, 2009 |
| -- | 01286 |
| -- | School Collections |
| 999 ## - | |
| -- | 75594 |
| -- | 75594 |
| Withdrawn status | Lost status | Source of classification or shelving scheme | Damaged status | Not for loan | Permanent Location | Current Location | Shelving location | Date acquired | Total Checkouts | Full call number | Barcode | Date last seen | Copy number | Price effective from | Koha item type |
|---|---|---|---|---|---|---|---|---|---|---|---|---|---|---|---|
| CBU-MAIN LIBRARY, KITWE. | CBU-MAIN LIBRARY, KITWE. | 03/30/2023 | HF 5681.B2 Smi | 006804 | 03/30/2023 | 1 | 03/30/2023 | MONOGRAPH | |||||||
| CBU-SCHOOL TEXT BOOK COLLECTION | CBU-SCHOOL TEXT BOOK COLLECTION | 03/30/2023 | SCHOOL TEXTBOOK | 01286 | 03/30/2023 | 2 | 03/30/2023 | MONOGRAPH |